000 00839nam a2200241Ia 4500
003 OSt
005 20220923212653.0
006 a|||||r|||| 00| 0
007 ta
008 220922b |||||||| |||| 00| 0 hin d
024 _a155,114
037 _cTextual
040 _aARTS
_cARTS
_bhin
041 _2hin
_ahin
082 _aO15,1D40,3:g, 152M0
100 _aद्विवेदी, हजारी प्रसाद
245 0 _aमेघदूत
_b एक पुरानी कंहानी
246 _aMeghadūta: ek purānī kanhānī
260 _aनयी दिल्ली
_b राजकमल प्रकाशन
_c1980
300 _a140 पृ.
_ccm.
942 _hO15,1D40,3:g, 152M0
_cTEXL
_2CC
999 _c310685
_d310685